000 00511nam a22001937a 4500
005 20260520171230.0
010 _aENG-148556
020 _a9789354710001
_c499.00
035 _aEN-132088
037 _bDBAD
082 _a882
100 _aCollins, Suzanne
245 _aThe Hunger Games Mockingjay/
_cSuzanne Collins
250 _a1
260 _bScholastic
_aNew York
_c2022
270 _a557 Broadway
_bNew York
_eNY 10012
300 _a457p.:
_c21cm(pb)
942 _2ddc
_cCH
_mCOL
_h882
999 _c216322
_d216322